Đang tải...

Social banking

Chi tiết về thư mục
Tác giả chính: Garg, Subhash
Định dạng: Printed Book
Được phát hành: Arihant Publishers, Jaipur 2009
Những chủ đề:
LEADER 00463nam a2200157 4500
082 |a 332.1 GAR-S 
100 |a Garg, Subhash 
245 |a Social banking  |c Garg, Subhash 
250
260 |a Arihant Publishers, Jaipur  |c 2009 
300 |a 566 p 
490
650 |a Banks and Banking--Financial economics 
942 |c BK 
999 |c 128060  |d 128060 
952 |0 0  |1 0  |4 0  |6 332_100000000000000_GARS  |7 0  |9 141522  |a COM  |b COM  |l 0  |o 332.1 GAR-S  |p COM04946  |r 2019-10-24  |w 2019-10-24  |y BK